000 00463nam a22001217a 4500
008 230703b xxu||||| |||| 00| 0 eng d
082 _a351.009
_bPRA
100 _cGOK
245 _aReport of the Commission on the Kenya Civil Service, the Kenya Teaching Services, the East African Posts and Telecommunications Administrations and the General Fund Services of the East African Common Services Organization
_b
260 _c1979
300 _a136p
942 _2ddc
_cBK
999 _c3252
_d3252